Technológie v médiách a marketingu. Čo nás čaká v roku 2020
Implementácia nových technológií do mediálnych a marketingových procesov. Trendy na rok 2020.
Salvato in:
| Autore principale: | |
|---|---|
| Natura: | Capitolo di libro |
| Lingua: | slovacco |
| Soggetti: | |
| Tags: |
Nessun Tag, puoi essere il primo ad aggiungerne!!
|
MARC
| LEADER | 00000naa a2200000 4500 | ||
|---|---|---|---|
| 001 | 0260887 | ||
| 005 | 20240502074134.4 | ||
| 041 | 0 | |a slo | |
| 044 | |a SK | ||
| 245 | 1 | 0 | |a Technológie v médiách a marketingu. Čo nás čaká v roku 2020 |c Martin Kuchta |
| 520 | |a Implementácia nových technológií do mediálnych a marketingových procesov. Trendy na rok 2020. | ||
| 610 | 2 | 0 | |a technológie nové |
| 610 | 2 | 0 | |a marketing |
| 610 | 2 | 0 | |a médiá |
| 610 | 2 | 0 | |a inovácie technologické |
| 100 | 1 | |a Kuchta, Martin, 1990- | |